| 000 | 00681nam a22002057a 4500 | ||
|---|---|---|---|
| 005 | 20251108170848.0 | ||
| 008 | 250721s1998 xx 000 0 ara d | ||
| 082 | 1 | 4 | _a610.935/خزع |
| 100 | 1 | _aالماجدي، خزعل | |
| 245 | 1 | 0 |
_aبخور الآلهة : _bدراسة في الطب والسحر والأسطورة والدين / |
| 264 | 1 |
_aعمان : _bالأهلية للنشر والتوزيع، _c1998. |
|
| 300 | _a504ص | ||
| 650 | 1 | 7 | _aالطب الشعبي |
| 650 | 1 | 7 | _aعلم الأساطير |
| 650 | 1 | 7 | _aالسحر |
| 650 | 1 | 7 | _aالديانات البدائية |
| 650 | 1 | 7 | _aبلاد ما بين النهرين |
| 942 |
_2ddc _cBK |
||
| 999 |
_c50753 _d50753 |
||